QUESTION BANK IN SCIENCE & TECHNOLOGY (Record no. 913)
[ view plain ]
| 000 -LEADER | |
|---|---|
| fixed length control field | 00455nam a22001457a 4500 |
| 020 ## - INTERNATIONAL STANDARD BOOK NUMBER | |
| ISBN | 0-07-048382-5 |
| 082 ## - DEWEY DECIMAL CLASSIFICATION NUMBER | |
| Classification number | 600 |
| Item number | MAL/S |
| 100 ## - MAIN ENTRY--AUTHOR NAME | |
| Personal name | S MALHOTRA, PREM DHAWAN, CS MISHRA |
| 245 ## - TITLE STATEMENT | |
| Title | QUESTION BANK IN SCIENCE & TECHNOLOGY |
| Remainder of title | FOR CLASS IX |
| 260 ## - PUBLICATION, DISTRIBUTION, ETC. (IMPRINT) | |
| Place of publication | DELHI |
| Name of publisher | TATA McGRAW HILL PUBLICATIONS |
| Year of publication | 2003 |
| 300 ## - PHYSICAL DESCRIPTION | |
| Number of Pages | 469 |
| 520 ## - SUMMARY, ETC. | |
| Summary, etc | BASED ON NCERT TEXTBOOK, MCQ, SHORT AND LONG ANSWER QUESTIONS |
| 650 ## - SUBJECT ADDED ENTRY--TOPICAL TERM | |
| Topical Term | QUESTION BANK SERIES SCIENCE |
| Geographic subdivision | INDIA |
| 942 ## - ADDED ENTRY ELEMENTS (KOHA) | |
| Koha item type | Books |
| Withdrawn status | Lost status | Collection code | Home library | Current library | Shelving location | Date acquired | Source of acquisition | Full call number | Accession Number | Koha item type |
|---|---|---|---|---|---|---|---|---|---|---|
| Reference | Main Library | Main Library | SHELF 7C CLASS IX SCIENCE&PHYSIC | 08/09/2004 | purchase | 600 MAL/S | 01720 | Books |